The resistance to theory (Registro nro. 90570)

Detalles MARC
000 -ENCABEZADO
Número de control [NR] 00822nam a22002177a 4500
005 - FECHA Y HORA DE LA ÚLTIMA TRANSACCIÓN
control field 20250502083427.0
008 - DE LONGITUD FIJA DE DATOS DE ELEMENTOS - INFORMACIÓN GENERAL
Elementos de longitud fija [NR] 130821s1986 xxu gr eng
020 ## - NUMERO INTERNACIONAL NORMALIZADO PARA LIBROS [R]
Número Internacional Normalizado del libro [NR] 0816612943
040 ## - FUENTE DE CATALOGACION [NR]
Agencia de catalogación original [NR] Co-BoUCM
Idioma de catalogación [NR] spa
Quien Cataloga David Moreno (modificó)
Quien Clasifica David Moreno (modificó)
041 00 - CODIGO DE IDIOMA [R]
Código de idioma para texto/pista de sonido o título separado [R] Inglés
100 1# - ASIENTO PRINCIPAL--NOMBRE PERSONAL [NR]
Nombre personal [NR] Man, Paul De.
ID Autoridad 171490
245 14 - MENCION DE TITULO [NR]
Título [NR] The resistance to theory
Mención de responsabilidad, etc. [NR] Paul de Man; foreword by Wlad Godzich.
260 ## - PUBLICACION, DISTRIBUCION, ETC. (PIE DE IMPRENTA) [R]
Lugar de publicación, distribución, etc. [R] Minneapolis (Minessota, Estados Unidos)
Nombre del editor, distribuidor, etc. [R] University of Minnesota Press
Fecha de publicación, distribución, etc. [R] 1986
300 ## - DESCRIPCION FISICA [R]
Extensión [R] xviii, 137 Páginas
490 #0 - MENCION DE SERIE [R]
Mención de serie [R] Theory and History of Literature
Designación numérica/secuencial del volumen [NR] 33
650 04 - ASIENTO SECUNDARIO DE MATERIA - TERMINO TEMATICO [R]
Término temático o nombre geográfico como elemento de entrada [NR] Teoría literaria
9 (RLIN) 87951
650 04 - ASIENTO SECUNDARIO DE MATERIA - TERMINO TEMATICO [R]
Término temático o nombre geográfico como elemento de entrada [NR] Crítica literaria
9 (RLIN) 15765
Subdivisión general [R] Aspectos filosóficos
650 04 - ASIENTO SECUNDARIO DE MATERIA - TERMINO TEMATICO [R]
Término temático o nombre geográfico como elemento de entrada [NR] Retórica y literatura
9 (RLIN) 18599
942 ## - ELEMENTOS DE ENTRADA AGREGADOS (KOHA)
Tipo de ítem principal el descrito en 300a Libro
Tema principal Literatura
Edición 1
Parte restante de la signatura top. M266r
Sistema de clasificación DEWEY
Clasificación 801.95
Título oculto en OPAC No
Existencias
Fecha de último préstamo Total préstamos Signatura topográfica Código de barras Última vez visto Ejemplar Price effective from Tipo de ítem Perdido Sistema de clasificación Dañado No prestable Tipo de ítem específico Suprimido Ubicación habitual Ubicación actual Localización Fecha de creación Forma de adquisición Costo
23/01/2015 3 801.95 M266r 100068688 06/12/2025 Ej.1 03/02/2013 Libro   DEWEY     Libro   Claustro Claustro 2do piso 28/02/2004 Compra 69000.00